|
|
|
|
| LEADER |
00000cam a2200000 c 4500 |
| 001 |
249348578 |
| 003 |
DE-627 |
| 005 |
20260206200036.0 |
| 007 |
tu |
| 008 |
980928s1972 gw ||||| 00| ||ger c |
| 010 |
|
|
|a 72326116
|
| 015 |
|
|
|a 72,A21,0120
|2 dnb
|
| 016 |
7 |
|
|a 720081602
|2 DE-101
|
| 020 |
|
|
|a 3518065351
|9 3-518-06535-1
|
| 035 |
|
|
|a (DE-627)249348578
|
| 035 |
|
|
|a (DE-603)074610023
|
| 035 |
|
|
|a (DE-576)078017203
|
| 035 |
|
|
|a (DE-599)GBV249348578
|
| 035 |
|
|
|a (OCoLC)245992645
|
| 035 |
|
|
|a (OCoLC)12757119
|
| 035 |
|
|
|a (DE-604)8089351339
|
| 040 |
|
|
|a DE-627
|b ger
|c DE-627
|e rakwb
|
| 041 |
|
|
|a ger
|
| 044 |
|
|
|c XA-DE
|
| 050 |
|
0 |
|a HV9677
|
| 082 |
0 |
|
|a 365.60943
|
| 084 |
|
|
|a 05b
|2 sdnb
|
| 084 |
|
|
|a 2,1
|2 ssgn
|
| 084 |
|
|
|a DG 8000
|2 rvk
|0 (DE-625)rvk/19561:
|
| 084 |
|
|
|a MS 2400
|2 rvk
|0 (DE-625)rvk/123637:
|
| 100 |
1 |
|
|a Werner, Wolfgang
|d 1942-
|0 (DE-588)118631535
|0 (DE-627)079419135
|0 (DE-576)209159685
|4 aut
|
| 109 |
|
|
|a Werner, Wolfgang 1942-
|a Krämer, Wolfgang 1942-
|
| 245 |
1 |
0 |
|a Vom Waisenhaus ins Zuchthaus
|b ein Sozialbericht
|c Wolfgang Werner. Nachw. von Martin Walser
|
| 250 |
|
|
|a 1. Aufl.
|
| 264 |
|
1 |
|a Frankfurt am Main
|b Suhrkamp-Taschenbuch-Verl.
|c 1972
|
| 300 |
|
|
|a 276 S
|
| 336 |
|
|
|a Text
|b txt
|2 rdacontent
|
| 337 |
|
|
|a ohne Hilfsmittel zu benutzen
|b n
|2 rdamedia
|
| 338 |
|
|
|a Band
|b nc
|2 rdacarrier
|
| 490 |
0 |
|
|a Suhrkamp-Taschenbuch
|v 35
|
| 500 |
|
|
|a Hier auch später erschienene, unveränderte Nachdrucke
|
| 583 |
1 |
|
|a Archivierung prüfen
|c 20200919
|f DE-640
|z 3
|2 pdager
|
| 583 |
1 |
|
|a Archivierung prüfen
|c 20240324
|f DE-4165
|z 3
|2 pdager
|
| 600 |
1 |
7 |
|0 (DE-588)118631535
|0 (DE-627)079419135
|0 (DE-576)209159685
|a Werner, Wolfgang
|d 1942-
|2 gnd
|
| 650 |
|
0 |
|a Prisoners
|z Germany (West)
|
| 650 |
|
0 |
|a Orphans
|z Germany (West)
|
| 650 |
|
0 |
|a Orphanages
|z Germany (West)
|
| 650 |
0 |
7 |
|0 (DE-588)4057808-2
|0 (DE-627)106149415
|0 (DE-576)20912377X
|a Strafvollzug
|2 gnd
|
| 650 |
0 |
7 |
|0 (DE-588)4028944-8
|0 (DE-627)106276417
|0 (DE-576)208980172
|a Jugendstrafvollzug
|2 gnd
|
| 650 |
|
4 |
|a Straffälliger
|x Jugendlicher
|7 (dpeaa)DE-2619
|
| 650 |
|
4 |
|a Unterbringung
|x Heim
|x Jugendlicher
|7 (dpeaa)DE-2619
|
| 650 |
|
4 |
|a Strafgefangener
|x Jugendlicher
|7 (dpeaa)DE-2619
|
| 650 |
|
4 |
|a Erfahrungsbericht
|7 (dpeaa)DE-2619
|
| 651 |
|
7 |
|0 (DE-588)4011889-7
|0 (DE-627)104732423
|0 (DE-576)208896201
|a Deutschland
|g Bundesrepublik
|2 gnd
|
| 655 |
|
7 |
|a Erlebnisbericht
|0 (DE-588)4133254-4
|0 (DE-627)105681490
|0 (DE-576)209642378
|2 gnd-content
|
| 655 |
|
7 |
|a Autobiografie
|0 (DE-588)4003939-0
|0 (DE-627)106388258
|0 (DE-576)208853251
|2 gnd-content
|
| 689 |
0 |
0 |
|d s
|0 (DE-588)4057808-2
|0 (DE-627)106149415
|0 (DE-576)20912377X
|a Strafvollzug
|2 gnd
|
| 689 |
0 |
|
|5 (DE-627)
|
| 689 |
1 |
0 |
|d p
|0 (DE-588)118631535
|0 (DE-627)079419135
|0 (DE-576)209159685
|a Werner, Wolfgang
|d 1942-
|2 gnd
|
| 689 |
1 |
|
|5 (DE-627)
|
| 935 |
|
|
|a mkri
|
| 935 |
|
|
|i Blocktest
|
| 936 |
r |
v |
|a DG 8000
|b Jugendkriminalität, Fürsorgeerziehung, Resozialisierung
|k Pädagogik
|k Spezialfragen der Erziehung
|k Jugendkriminalität, Fürsorgeerziehung, Resozialisierung
|0 (DE-627)1270769502
|0 (DE-625)rvk/19561:
|0 (DE-576)200769502
|
| 936 |
r |
v |
|a MS 2400
|b Jugendkriminalität und -verwahrlosung
|k Soziologie
|k Spezielle Soziologien
|k Jugendsoziologie
|k Jugendkriminalität und -verwahrlosung
|0 (DE-627)1271440997
|0 (DE-625)rvk/123637:
|0 (DE-576)201440997
|
| 936 |
s |
n |
|a d100
|2 mzub
|
| 936 |
s |
n |
|a m200
|2 mzub
|
| 951 |
|
|
|a BO
|
| ELC |
|
|
|b 1
|
| LOK |
|
|
|0 000 xxxxxcx a22 zn 4500
|
| LOK |
|
|
|0 001 4196267696
|
| LOK |
|
|
|0 003 DE-627
|
| LOK |
|
|
|0 004 249348578
|
| LOK |
|
|
|0 005 20221011150725
|
| LOK |
|
|
|0 008 221011||||||||||||||||ger|||||||
|
| LOK |
|
|
|0 035
|a (DE-2619)k01200
|
| LOK |
|
|
|0 040
|a DE-2619
|c DE-627
|d DE-2619
|
| LOK |
|
|
|0 092
|o n
|
| LOK |
|
|
|0 541
|e Bestand Albert-Krebs-Bibliothek: 1996-1347
|
| LOK |
|
|
|0 852
|a DE-2619
|
| LOK |
|
|
|0 852 1
|c HB.40.001
|m p
|9 00
|
| LOK |
|
|
|0 935
|a kreb
|
| LOK |
|
|
|0 938
|k p
|
| LOK |
|
|
|0 939
|a 11-10-22
|b l01
|
| ORI |
|
|
|a SA-MARC-krimdoka001.raw
|